000 00208 a2200097 4500
001 47655
100 _aHopper T
245 _aGuide to Bees & Honey
260 _a
_bBlandford press
_c
090 _c30665
_d30665
942 _aNUST-CAE
_cM
_c22964
999 _c282728
_d282728